Statistics for Familiar Turkish Words

Click here to take the quiz!

General Stats

  • This quiz has been taken 34 times
  • The average score is 19 of 24

Answer Stats

TurkishEnglish% Correct
AktörActor
96%
AlkolAlcohol
96%
MüzikMusic
93%
SandviçSandwich
93%
OtelHotel
89%
NumaraNumber
89%
PolisPolice
89%
PatatesPotato
89%
BiraBeer
86%
KültürCulture
86%
KahveCoffee
82%
SporSport
82%
TrenTrain
82%
BisikletBicycle
79%
KlarnetClarinet
79%
GriGrey
79%
TurizmTourism
79%
DomatesTomato
75%
PiramitPyramid
71%
İstasyonStation
71%
TurkuazTurquoise
64%
MüzeMuseum
57%
KartCard
50%
CoğrafyaGeography
46%

Score Distribution

Percentile by Number Answered

Percent of People with Each Score

Your Score History

You have not taken this quiz